Expectations of modernity (Record no. 235306)
[ view plain ]
| 000 -LEADER | |
|---|---|
| fixed length control field | 01831nam a2200433Ia 4500 |
| 082 04 - DEWEY DECIMAL CLASSIFICATION NUMBER | |
| Classification number | 306/.096894 |
| 100 1# - MAIN ENTRY--AUTHOR NAME | |
| Personal name | Ferguson, James, |
| 245 10 - TITLE STATEMENT | |
| Title | Expectations of modernity |
| 260 ## - PUBLICATION, DISTRIBUTION, ETC. (IMPRINT) | |
| Place of publication | Berkeley, Calif. : |
| Name of publisher | University of California Press, |
| Year of publication | c1999. |
| 300 ## - PHYSICAL DESCRIPTION | |
| Number of Pages | xvii, 326 p. : |
| Other physical details | ill., maps. |
| 490 1# - SERIES STATEMENT | |
| Series statement | Perspectives on Southern Africa ; |
| 650 #0 - SUBJECT ADDED ENTRY--TOPICAL TERM | |
| Topical Term | Urban anthropology |
| Topical Term | Urbanization |
| Topical Term | Industrialization |
| Topical Term | Copper industry and trade |
| Topical Term | Copper mines and mining |
| 856 40 - ELECTRONIC LOCATION AND ACCESS | |
| Uniform Resource Identifier | http://site.ebrary.com/lib/rucke/Doc?id=10533557 |
No items available.
